| 000 | 00596nam a22001217a 4500 | ||
|---|---|---|---|
| 008 | 110614t xxu||||| |||| 00| 0 eng d | ||
| 010 | _aSCCAF34 | ||
| 245 | _aSupreme Court Civil Application No12/1991 Haji Nurdin Matovu vs Ben Kiwanuka | ||
| 260 | _c1991 | ||
| 500 | _aCORAM: Mayindo, D.C.J., Oder , J.S.C., and Platt, J.S.C . | ||
| 500 | _aReference from the fuling of the Supreme Court of Uganda at Mengo Mr Justice Seaton.J,S.C dated 16/11/1990 in the Supreme Court Civil Application No 17/1990 | ||
| 999 |
_c2860 _d2860 |
||